Podpora malého a stredného podnikania v Írsku: agentúra Enterprise Ireland
Ciele agentúry Podnik Írsko. Klienti a partneri tejto agentúry. Stratégia Podniku Írsko. Internacionalizácia obchodu. Rozvoj obchodu. Podpora úspešných nových spoločností. Financie pre rast.
Salvato in:
| Autore principale: | |
|---|---|
| Altri autori: | |
| Natura: | Capitolo di libro |
| Lingua: | slovacco |
| Soggetti: | |
| Tags: |
Nessun Tag, puoi essere il primo ad aggiungerne!!
|
MARC
| LEADER | 00000nla$a2200000$$$4500 | ||
|---|---|---|---|
| 001 | 0112254 | ||
| 005 | 20240502072239.3 | ||
| 041 | 0 | |a slo | |
| 044 | |a SK | ||
| 245 | 1 | 0 | |a Podpora malého a stredného podnikania v Írsku: agentúra Enterprise Ireland |c Ivan Šteiner, Miloslav Rosenberg |
| 520 | |a Ciele agentúry Podnik Írsko. Klienti a partneri tejto agentúry. Stratégia Podniku Írsko. Internacionalizácia obchodu. Rozvoj obchodu. Podpora úspešných nových spoločností. Financie pre rast. | ||
| 610 | 2 | 0 | |a agentúry |
| 610 | 2 | 0 | |a podpora podnikania |
| 610 | 2 | 0 | |a podnik malý |
| 610 | 2 | 0 | |a podnik stredný |
| 610 | 2 | 0 | |a inovácia |
| 610 | 2 | 0 | |a financie |
| 610 | 2 | 0 | |a obchod |
| 610 | 2 | 0 | |a internacionalizácia |
| 610 | 2 | 0 | |a Írsko |
| 100 | 1 | |a Šteiner, Ivan | |
| 700 | 1 | |a Rosenberg, Miloslav | |